[Event "Fujairah Global Superstar"]
[Site "Fujairah City UAE"]
[Date "2025.08.26"]
[Round "2.19"]
[White "Puranik, Abhimanyu"]
[Black "Dudin, Gleb"]
[Result "0-1"]
[WhiteTitle "GM"]
[BlackTitle "GM"]
[WhiteElo "2635"]
[BlackElo "2583"]
[WhiteFideId "5061245"]
[BlackFideId "34184934"]
[EventDate "2025.08.25"]

1. e4 e5 2. Nf3 Nc6 3. Bb5 a6 4. Ba4 Nf6 5. O-O Be7 6. Re1 b5 7. Bb3 O-O 8. a4
Bb7 9. d3 d6 10. Nbd2 Na5 11. Ba2 c5 12. Nf1 b4 13. Ne3 Bc8 14. c3 Rb8 15. d4
cxd4 16. cxd4 Be6 17. Bxe6 fxe6 18. Ng5 Qd7 19. dxe5 dxe5 20. Qxd7 Nxd7 21. Nxe6
Rf6 22. Nc7 Nb3 23. Rb1 Bf8 24. Ncd5 Re6 25. Nc4 Ndc5 26. Re3 Nd4 27. Bd2 Nc2
28. Re2 Nxa4 29. b3 Nc5 30. Be3 Na3 31. Nxa3 bxa3 32. Bxc5 Bxc5 33. Ra2 a5 34.
Kf1 Bf8 35. Ke2 Rc6 36. Kd3 Rbc8 37. g3 g5 38. f3 Bd6 39. f4 gxf4 40. gxf4 exf4
41. e5 Bb4 42. Rf1 Rc1 43. Rxf4 Rd8 44. Rd4 Kh8 45. Ke4 Re1+ 46. Kf5 Bc5 47. Re4
Rb1 48. Nf6 Be7 49. Rh4 Bxf6 50. Kxf6 Rxb3 51. e6 Re3 52. Ke7 Rg8 53. Rc4 Rg7+
54. Kd6 Rg6 55. Rc8+ Kg7 56. Re8 Rg1 57. Ra8 Rge1 58. Re8 Rg1 59. Ra8 Rge1 60.
Ra7+ Kh6 61. Re7 Rd1+ 62. Kc5 Rc3+ 63. Kb5 Rb1+ 64. Kxa5 Rb2 65. Ra1 a2 66. Ka4
Rc6 67. Ka3 Re2 68. Re8 Rexe6 69. Rf8 Ra6+ 70. Kb3 Reb6+ 71. Kc2 Rc6+ 72. Kd2
Rf6 73. Rb8 Rf2+ 74. Ke3 Rxh2 75. Kf4 Rh4+ 76. Kg3 Rc4 77. Rb2 Ra3+ 78. Kh2 Rca4
79. Rb6+ Kg5 80. Rb7 Ra7 81. Rb5+ Kf4 82. Rb2 R7a6 83. Rf2+ Ke3 84. Kg2 Kd4 85.
Rf7 Ra7 86. Rf2 Kc3 87. Kh2 Kb3 0-1

[Event "Fujairah Global Superstar"]
[Site "Fujairah City UAE"]
[Date "2025.08.26"]
[Round "2.20"]
[White "Kozak, Adam"]
[Black "Volokitin, Andrei"]
[Result "1/2-1/2"]
[WhiteTitle "GM"]
[BlackTitle "GM"]
[WhiteElo "2586"]
[BlackElo "2628"]
[WhiteFideId "753246"]
[BlackFideId "14107090"]
[EventDate "2025.08.25"]

1. d4 Nf6 2. c4 e6 3. Nf3 d5 4. Nc3 Bb4 5. Bg5 h6 6. Bxf6 Qxf6 7. Qb3 c5 8. cxd5
exd5 9. a3 Bxc3+ 10. Qxc3 c4 11. b3 Be6 12. bxc4 dxc4 13. e4 O-O 14. Be2 b5 15.
a4 b4 16. Qxb4 Nc6 17. Qc3 Rab8 18. Bxc4 Bxc4 19. Qxc4 Rb4 20. Qc5 Nxd4 21. Nxd4
Qxd4 22. Qxd4 Rxd4 23. f3 f5 24. exf5 Rxf5 25. O-O Ra5 26. Rfc1 Raxa4 27. Rxa4
Rxa4 28. Rc7 a5 29. Ra7 Ra2 30. h4 h5 31. Kh2 1/2-1/2

[Event "Fujairah Global Superstar"]
[Site "Fujairah City UAE"]
[Date "2025.08.26"]
[Round "2.21"]
[White "Hakobyan, Aram"]
[Black "Piorun, Kacper"]
[Result "1/2-1/2"]
[WhiteTitle "GM"]
[BlackTitle "GM"]
[WhiteElo "2625"]
[BlackElo "2568"]
[WhiteFideId "13306677"]
[BlackFideId "1130420"]
[EventDate "2025.08.25"]

1. d4 d5 2. c4 e6 3. Nc3 h6 4. Bf4 Nf6 5. c5 b6 6. b4 a5 7. a3 Be7 8. e3 O-O 9.
Nf3 axb4 10. axb4 Rxa1 11. Qxa1 Ne4 12. Nxe4 dxe4 13. Ne5 Bf6 14. Qc3 Bxe5 15.
Bxe5 Bb7 16. b5 c6 17. Be2 Nd7 18. Bd6 Re8 19. O-O Nf6 20. Ra1 Qd7 21. Qb2 Nd5
22. Ra7 Ra8 23. bxc6 Qxc6 24. Bb5 Qc8 25. Qa3 Rxa7 26. Qxa7 Bc6 27. Ba6 Qd8 28.
h3 bxc5 29. dxc5 Qa5 30. Kh2 Kh7 31. Be5 Kg6 32. h4 h5 33. g4 Nxe3 34. gxh5+ Kh7
35. fxe3 1/2-1/2

[Event "Fujairah Global Superstar"]
[Site "Fujairah City UAE"]
[Date "2025.08.26"]
[Round "2.22"]
[White "Bharath, Subramaniyam H"]
[Black "Ivanchuk, Vasyl"]
[Result "1/2-1/2"]
[WhiteTitle "GM"]
[BlackTitle "GM"]
[WhiteElo "2562"]
[BlackElo "2623"]
[WhiteFideId "46634827"]
[BlackFideId "14100010"]
[EventDate "2025.08.25"]

1. e4 c6 2. Nf3 d5 3. Nc3 Bg4 4. h3 Bxf3 5. Qxf3 e6 6. Be2 Nf6 7. O-O Be7 8. Rd1
O-O 9. d4 dxe4 10. Nxe4 Nxe4 11. Qxe4 Bg5 12. Bd3 g6 13. f4 Bf6 14. Be3 Nd7 15.
c3 Qc7 16. Qf3 Rad8 17. g4 c5 18. dxc5 Nxc5 19. Bc2 b5 20. Qf2 Na4 21. Bxa4 bxa4
22. Bxa7 Qc4 23. Bd4 Bxd4 24. cxd4 Rd6 25. a3 Rfd8 26. Rac1 Qb3 27. Kh2 Rc6 28.
Rxc6 Qxd1 29. Rc4 h6 30. Kg2 Qd3 31. Qf1 Qd2+ 32. Qf2 Qd3 33. Qf1 1/2-1/2

[Event "Fujairah Global Superstar"]
[Site "Fujairah City UAE"]
[Date "2025.08.27"]
[Round "3.1"]
[White "Suleymanli, Aydin"]
[Black "Pranav, V"]
[Result "1/2-1/2"]
[WhiteTitle "GM"]
[BlackTitle "GM"]
[WhiteElo "2609"]
[BlackElo "2597"]
[WhiteFideId "13413937"]
[BlackFideId "25060783"]
[EventDate "2025.08.25"]

1. e4 e5 2. Nf3 Nc6 3. Bc4 Nf6 4. d3 Be7 5. O-O O-O 6. Nc3 d6 7. a4 a6 8. Bd2
Bg4 9. h3 Bxf3 10. Qxf3 Nd4 11. Qd1 c6 12. Ba2 Ne6 13. Qf3 Nd4 14. Qd1 Ne6 15.
Qf3 Nd4 16. Qd1 1/2-1/2

[Event "Fujairah Global Superstar"]
[Site "Fujairah City UAE"]
[Date "2025.08.27"]
[Round "3.2"]
[White "Motylev, Alexander"]
[Black "Martinez Alcantara, Jose Eduardo"]
[Result "0-1"]
[WhiteTitle "GM"]
[BlackTitle "GM"]
[WhiteElo "2595"]
[BlackElo "2636"]
[WhiteFideId "4121830"]
[BlackFideId "3805662"]
[EventDate "2025.08.25"]

1. e4 e6 2. d4 d5 3. Nc3 Bb4 4. exd5 exd5 5. Bd3 Nf6 6. a3 Bxc3+ 7. bxc3 O-O 8.
Ne2 Re8 9. O-O c5 10. dxc5 Nbd7 11. Bg5 h6 12. Bh4 Nxc5 13. Bb5 Bd7 14. Bxf6
Qxf6 15. Bxd7 Nxd7 16. Qxd5 Rxe2 17. Qxd7 Re7 18. Qd4 Qxd4 19. cxd4 Rc8 20. Rfc1
Rec7 21. g3 Rxc2 22. Rd1 Kf8 23. a4 R8c7 24. Kg2 Ke7 25. a5 Rb2 26. Re1+ Kd6 27.
Re4 Rcc2 28. Rf4 f6 29. h4 Ra2 30. Rb1 Rcb2 31. Re1 Rxa5 32. Re8 Rc2 33. Rd8+
Ke7 34. Rg8 Kf7 35. Rd8 Rc7 36. d5 Ke7 37. Rg8 Kd6 38. Rg4 Kxd5 39. R4xg7 Rxg7
40. Rxg7 b5 41. Rb7 Kc4 42. Rc7+ Kb3 43. Rc6 b4 44. Rxf6 Kc4 45. Rc6+ Rc5 46.
Ra6 Rc7 47. Ra1 Kd3 48. Rb1 a5 49. f4 Kc2 50. Ra1 Ra7 51. Rf1 b3 52. Rf2+ Kc3
53. Rf3+ Kc4 54. f5 b2 55. Rf1 a4 0-1

[Event "Fujairah Global Superstar"]
[Site "Fujairah City UAE"]
[Date "2025.08.27"]
[Round "3.3"]
[White "Sjugirov, Sanan"]
[Black "Pranav, Anand"]
[Result "1-0"]
[WhiteTitle "GM"]
[BlackTitle "GM"]
[WhiteElo "2636"]
[BlackElo "2590"]
[WhiteFideId "4189302"]
[BlackFideId "46626786"]
[EventDate "2025.08.25"]

1. e4 c5 2. Nf3 d6 3. Bb5+ Nd7 4. O-O a6 5. Bxd7+ Bxd7 6. Nc3 Nf6 7. e5 dxe5 8.
Nxe5 Be6 9. Qf3 Bd5 10. Qg3 g6 11. d3 Bg7 12. Qh4 O-O 13. Bh6 Re8 14. Bxg7 Kxg7
15. Rfe1 b6 16. Re3 h6 17. Rae1 e6 18. Qf4 Ra7 19. Rh3 Rh8 20. Nxd5 Nxd5 21. Qe4
Nf6 22. Qe2 Rc7 23. Rf3 Qd5 24. b3 Qd4 25. Qd2 Nd5 26. c4 Qc3 27. Qe2 Nf6 28. d4
Qxd4 29. g3 Qd8 30. Rd1 Qe7 31. Qb2 h5 32. g4 g5 33. h4 hxg4 34. Nxg4 e5 35.
Nxf6 Rxh4 36. Qd2 Rf4 37. Nh5+ 1-0

[Event "Fujairah Global Superstar"]
[Site "Fujairah City UAE"]
[Date "2025.08.27"]
[Round "3.4"]
[White "Hong, Andrew"]
[Black "Cheparinov, Ivan"]
[Result "1-0"]
[WhiteTitle "GM"]
[BlackTitle "GM"]
[WhiteElo "2580"]
[BlackElo "2625"]
[WhiteFideId "2099438"]
[BlackFideId "2905540"]
[EventDate "2025.08.25"]

1. d4 Nf6 2. c4 e6 3. g3 d5 4. Bg2 Bb4+ 5. Nd2 O-O 6. Nf3 b6 7. O-O Bb7 8. b3 a5
9. Bb2 Nbd7 10. Rc1 Re8 11. Qc2 Rc8 12. Ne5 Nxe5 13. dxe5 Nd7 14. Rfd1 Qe7 15.
cxd5 Bxd5 16. Bxd5 exd5 17. Nf3 c6 18. e4 dxe4 19. Qxe4 Nc5 20. Qe3 Nd7 21. Qe4
Nc5 22. Qg4 Ne6 23. Nh4 Red8 24. Nf5 Qc7 25. Rd6 Qb7 26. Rcd1 g6 27. Qh4 gxf5
28. Rxd8+ Rxd8 29. Rxd8+ Nxd8 30. Qg5+ 1-0

[Event "Fujairah Global Superstar"]
[Site "Fujairah City UAE"]
[Date "2025.08.27"]
[Round "3.5"]
[White "Donchenko, Alexander"]
[Black "Jacobson, Brandon"]
[Result "0-1"]
[WhiteTitle "GM"]
[BlackTitle "GM"]
[WhiteElo "2616"]
[BlackElo "2594"]
[WhiteFideId "24603295"]
[BlackFideId "30901561"]
[EventDate "2025.08.25"]

1. d4 g6 2. e4 Bg7 3. Nc3 d6 4. Be3 a6 5. h4 h5 6. Nh3 Nf6 7. f3 Bxh3 8. Rxh3
Nbd7 9. Qd2 c6 10. Nd1 O-O 11. Nf2 e5 12. dxe5 Nxe5 13. Be2 d5 14. Bg5 Qb6 15.
Be3 Qc7 16. f4 Neg4 17. e5 Nxf2 18. exf6 Nxh3 19. fxg7 Rfe8 20. gxh3 Qe7 21. Kf2
c5 22. c3 Qxh4+ 23. Kg2 Qe7 24. Kf2 d4 25. cxd4 cxd4 26. Qxd4 Rad8 27. Qc3 Rc8
28. Qb3 Rc2 29. Qd3 Rxb2 30. Rc1 Rxa2 31. Rc5 Qh4+ 32. Kg2 Qe1 33. Kf3 Qh1+ 34.
Kf2 Qh2+ 35. Ke1 Qg3+ 0-1

[Event "Fujairah Global Superstar"]
[Site "Fujairah City UAE"]
[Date "2025.08.27"]
[Round "3.6"]
[White "Zhu, Jiner"]
[Black "Mishra, Abhimanyu"]
[Result "1/2-1/2"]
[WhiteTitle "GM"]
[BlackTitle "GM"]
[WhiteElo "2536"]
[BlackElo "2610"]
[WhiteFideId "8608059"]
[BlackFideId "30920019"]
[EventDate "2025.08.25"]

1. e4 c5 2. Nf3 d6 3. d4 cxd4 4. Nxd4 Nf6 5. Nc3 a6 6. Be2 e5 7. Nb3 Be7 8. O-O
O-O 9. Bf3 Be6 10. a4 Qc7 11. a5 Rc8 12. Be3 Nbd7 13. Re1 h6 14. h3 Rab8 15. Ba7
Ra8 16. Be3 Rab8 17. Nd2 Bd8 18. Nf1 b5 19. axb6 Nxb6 20. Bc1 Qd7 21. Ne3 Nc4
22. Nxc4 Bxc4 23. Na4 Bb5 24. Nc3 Bc4 25. Na4 Bb5 26. Nc3 Bc4 27. Na4 1/2-1/2

[Event "Fujairah Global Superstar"]
[Site "Fujairah City UAE"]
[Date "2025.08.27"]
[Round "3.7"]
[White "Muradli, Mahammad"]
[Black "Tabatabaei, M. Amin"]
[Result "0-1"]
[WhiteTitle "GM"]
[BlackTitle "GM"]
[WhiteElo "2586"]
[BlackElo "2673"]
[WhiteFideId "13409301"]
[BlackFideId "12521213"]
[EventDate "2025.08.25"]

1. d4 d5 2. c4 e6 3. Nf3 dxc4 4. e3 Nf6 5. Bxc4 a6 6. O-O Be7 7. Qe2 b5 8. Bd3
Nbd7 9. a4 Bb7 10. axb5 axb5 11. Rxa8 Qxa8 12. Bxb5 O-O 13. Rd1 Rb8 14. Nc3 c6
15. Bc4 c5 16. Bb5 Nf8 17. Ne5 Ng6 18. f3 cxd4 19. Nxg6 hxg6 20. Rxd4 Qa7 21.
Bc4 g5 22. Kh1 Qc5 23. Rd1 g4 24. e4 gxf3 25. gxf3 Rc8 26. b3 Qh5 27. Rg1 Ba6
28. Nd5 exd5 29. Bxa6 Rc6 30. Bb5 Rb6 31. Rg5 Qh3 32. Rg3 Qe6 33. e5 Nh5 34. Rg4
Rb8 35. Bd2 g6 36. Rg1 Bc5 37. Rg4 Ra8 38. Ba4 Bb6 39. Kg2 Rc8 40. b4 Ng7 41.
Bb3 Nf5 42. Qd3 Qxe5 43. Bxd5 Qf6 44. Bg5 Qb2+ 45. Kh3 Kg7 46. Bh4 Nxh4 47. Rxh4
Rc2 48. f4 0-1

[Event "Fujairah Global Superstar"]
[Site "Fujairah City UAE"]
[Date "2025.08.27"]
[Round "3.8"]
[White "Nihal, Sarin"]
[Black "Narayanan, S.L."]
[Result "1/2-1/2"]
[WhiteTitle "GM"]
[BlackTitle "GM"]
[WhiteElo "2692"]
[BlackElo "2595"]
[WhiteFideId "25092340"]
[BlackFideId "5058422"]
[EventDate "2025.08.25"]

1. c4 Nf6 2. Nc3 e5 3. Nf3 Nc6 4. d3 d5 5. cxd5 Nxd5 6. e4 Nxc3 7. bxc3 Bc5 8.
Be2 O-O 9. O-O Kh8 10. Be3 Bxe3 11. fxe3 Qe7 12. d4 Bg4 13. Nd2 Bxe2 14. Qxe2 f6
15. Qb5 Rab8 16. a4 a6 17. Qc4 Nd8 18. a5 Nf7 19. Qb3 Nd6 20. d5 f5 21. c4 Nxe4
22. Nxe4 fxe4 23. Rxf8+ Qxf8 24. Qc2 Qd6 25. h3 h6 26. Qxe4 Rf8 27. Qd3 Rf6 28.
Qa3 Qd7 29. Qb2 Qf5 30. Qxb7 Rg6 31. Qb1 e4 32. Qc2 Qxh3 33. Qf2 Qg4 34. Rf1 Rf6
35. Qd2 Rxf1+ 36. Kxf1 Qf5+ 37. Kg1 Qf8 38. Qd4 Qb4 39. Kh2 Qd6+ 40. Kh3 Qd7+
41. g4 Qe7 42. c5 Qf8 43. Qxe4 Qxc5 44. Qe8+ 1/2-1/2

[Event "Fujairah Global Superstar"]
[Site "Fujairah City UAE"]
[Date "2025.08.27"]
[Round "3.9"]
[White "Sadhwani, Raunak"]
[Black "Zemlyanskii, Ivan"]
[Result "1/2-1/2"]
[WhiteTitle "GM"]
[BlackTitle "GM"]
[WhiteElo "2676"]
[BlackElo "2586"]
[WhiteFideId "35093487"]
[BlackFideId "24249971"]
[EventDate "2025.08.25"]

1. e4 e5 2. Nf3 Nc6 3. Bc4 Nf6 4. d3 Be7 5. Nc3 O-O 6. a3 d6 7. Be3 Be6 8. Nd5
Qd7 9. Bb3 Ng4 10. c3 Kh8 11. h3 Nxe3 12. Nxe3 Rae8 13. O-O Bf6 14. Re1 g6 15.
Ba4 Qc8 16. d4 Bd7 17. d5 Ne7 18. c4 Bg7 19. Rc1 b6 20. b4 Qd8 21. Bxd7 Qxd7 22.
c5 Bh6 23. Nd2 f5 24. f3 fxe4 25. fxe4 bxc5 26. bxc5 Ng8 27. c6 Qe7 28. Rb1 Qh4
29. Ng4 Bf4 30. Rb3 h5 31. Nf3 Qe7 32. Ngh2 Nf6 33. Nf1 Qg7 34. Qe2 Re7 35. g3
Bh6 36. Nh4 Ref7 37. Nh2 Bg5 38. Ng2 Qh6 39. Nf3 Nh7 40. Rf1 Bd8 41. Rbb1 Kg7
42. a4 a5 43. h4 g5 44. hxg5 Bxg5 45. Nfh4 Rxf1+ 46. Rxf1 Rxf1+ 47. Kxf1 Bxh4
48. Nxh4 Qc1+ 49. Qe1 Qc4+ 50. Qe2 Qc1+ 51. Qe1 Qc4+ 1/2-1/2

[Event "Fujairah Global Superstar"]
[Site "Fujairah City UAE"]
[Date "2025.08.27"]
[Round "3.10"]
[White "Shankland, Sam"]
[Black "Pichot, Alan"]
[Result "1/2-1/2"]
[WhiteTitle "GM"]
[BlackTitle "GM"]
[WhiteElo "2670"]
[BlackElo "2581"]
[WhiteFideId "2004887"]
[BlackFideId "110973"]
[EventDate "2025.08.25"]

1. e4 e5 2. Nf3 Nc6 3. Bb5 a6 4. Ba4 Nf6 5. O-O b5 6. Bb3 Bc5 7. c3 d6 8. d4 Bb6
9. a4 Rb8 10. a5 Ba7 11. Be3 Bg4 12. Nbd2 exd4 13. cxd4 O-O 14. Qc1 Nb4 15. Bg5
h6 16. Bh4 g5 17. Bg3 Nh5 18. Qc3 c5 19. Rae1 Rc8 20. d5 f6 21. Kh1 Qd7 22. h4
c4 23. Qxb4 Bc5 24. Qc3 cxb3 25. Nd4 f5 26. exf5 Bxf5 27. Nxf5 Qxf5 28. Qxb3
Rce8 29. Re6 Nf4 30. Bxf4 Qxf4 31. Nf3 g4 32. Nh2 h5 33. Qd3 Rxe6 34. dxe6 Qf5
35. Qd2 Qf4 36. Qc2 Qf5 37. Qd2 Qf4 38. Qd1 Re8 39. g3 Qd4 40. Qc1 Qd5+ 41. f3
gxf3 42. Nxf3 Rxe6 43. b4 Re3 44. Kg2 Re2+ 45. Kh1 Re3 46. Kg2 Re2+ 47. Kh1 Re3 1/2-1/2

[Event "Fujairah Global Superstar"]
[Site "Fujairah City UAE"]
[Date "2025.08.27"]
[Round "3.11"]
[White "Pranesh, M"]
[Black "Lu, Shanglei"]
[Result "1-0"]
[WhiteTitle "GM"]
[BlackTitle "GM"]
[WhiteElo "2589"]
[BlackElo "2647"]
[WhiteFideId "35028600"]
[BlackFideId "8603332"]
[EventDate "2025.08.25"]

1. e4 c5 2. Nf3 d6 3. d4 cxd4 4. Nxd4 Nf6 5. Nc3 a6 6. f4 e5 7. Nb3 Nc6 8. f5 d5
9. Bg5 Nb4 10. a3 d4 11. axb4 Bxb4 12. Bxf6 Qxf6 13. Bb5+ Ke7 14. Qf3 Be6 15.
Ba4 Bxb3 16. Bxb3 dxc3 17. bxc3 Bc5 18. Bd5 Ra7 19. h4 h5 20. Rh3 a5 21. Ke2 b6
22. Rah1 Kf8 23. Rg3 a4 24. Rg5 Qh6 25. Qg3 Re7 26. Rd1 f6 27. Bc6 Kg8 28. Bxa4
Kh7 29. Bb3 fxg5 30. hxg5 Qc6 31. Bd5 Qe8 32. g6+ Kh6 33. Qh4 Qb5+ 34. Rd3 Qb1
35. g4 1-0

[Event "Fujairah Global Superstar"]
[Site "Fujairah City UAE"]
[Date "2025.08.27"]
[Round "3.12"]
[White "Salem, A.R. Saleh"]
[Black "Iturrizaga Bonelli, Eduardo"]
[Result "1-0"]
[WhiteTitle "GM"]
[BlackTitle "GM"]
[WhiteElo "2640"]
[BlackElo "2576"]
[WhiteFideId "9301348"]
[BlackFideId "3901211"]
[EventDate "2025.08.25"]

1. d4 Nf6 2. c4 c6 3. Nf3 d5 4. e3 Bf5 5. Nc3 e6 6. Nh4 Be4 7. f3 Bg6 8. Qb3 Qc7
9. Bd2 Be7 10. O-O-O O-O 11. Nxg6 hxg6 12. h4 dxc4 13. Bxc4 a5 14. h5 b5 15.
Bxe6 gxh5 16. Bf5 Na6 17. Ne4 Nd5 18. Rxh5 g6 19. Rdh1 gxh5 20. Rxh5 Rfd8 21.
Qd1 Bf6 22. Qh1 Kf8 23. Be1 c5 24. Bh4 cxd4+ 25. Kb1 Bg7 26. Bg5 Qe5 27. f4 1-0

[Event "Fujairah Global Superstar"]
[Site "Fujairah City UAE"]
[Date "2025.08.27"]
[Round "3.13"]
[White "Dudin, Gleb"]
[Black "Dardha, Daniel"]
[Result "1-0"]
[WhiteTitle "GM"]
[BlackTitle "GM"]
[WhiteElo "2583"]
[BlackElo "2616"]
[WhiteFideId "34184934"]
[BlackFideId "240990"]
[EventDate "2025.08.25"]

1. e4 d6 2. d4 Nf6 3. Nc3 e5 4. Nf3 Nbd7 5. Rg1 g6 6. g4 exd4 7. Nxd4 Bg7 8. Be3
O-O 9. g5 Ne8 10. Qd2 a6 11. f4 c5 12. Nde2 b5 13. O-O-O b4 14. Nd5 Nb6 15. Nxb6
Qxb6 16. Kb1 Bb7 17. Ng3 Rd8 18. Bc4 d5 19. Bxd5 Bxd5 20. exd5 Nd6 21. Qf2 Rc8
22. f5 Rfe8 23. f6 Bf8 24. h4 Nb5 25. Ka1 Bd6 26. h5 Be5 27. hxg6 hxg6 28. Rh1
Bxb2+ 29. Kxb2 Qa5 30. Ne2 Nc3 31. Nxc3 Qa3+ 32. Ka1 bxc3 33. Bc1 1-0

[Event "Fujairah Global Superstar"]
[Site "Fujairah City UAE"]
[Date "2025.08.27"]
[Round "3.14"]
[White "Movahed, Sina"]
[Black "Mendonca, Leon Luke"]
[Result "1/2-1/2"]
[WhiteTitle "GM"]
[BlackTitle "GM"]
[WhiteElo "2558"]
[BlackElo "2606"]
[WhiteFideId "42520835"]
[BlackFideId "35028561"]
[EventDate "2025.08.25"]

1. e4 c5 2. Nf3 d6 3. d4 cxd4 4. Nxd4 Nf6 5. Nc3 a6 6. Be3 e5 7. Nb3 Be6 8. h3
Be7 9. Qf3 Nbd7 10. Nd5 O-O 11. O-O-O Rc8 12. g4 Bxd5 13. exd5 Nb6 14. Kb1 Re8
15. Bd3 Nbxd5 16. Bd2 Qc7 17. Rhe1 h6 18. c3 Qc6 19. Bf5 Nf4 20. Qg3 Ne6 21. h4
Bf8 22. g5 hxg5 23. Bxg5 Nh5 24. Qg4 g6 25. Be4 Qc7 26. Rg1 Bg7 27. Qf3 b5 28.
Rd2 Nhf4 29. Rgd1 f5 30. Bd5 Nxd5 31. Qxd5 Bf8 32. Qg2 Qf7 33. Be3 Rc4 34. Na5
Rxh4 35. Qc6 f4 36. Bb6 Rb8 37. a4 bxa4 38. Nc4 Qb7 39. Rxd6 Bxd6 40. Qxd6 Nf8
41. Qxe5 Rh1 42. Rxh1 Qxh1+ 43. Kc2 Rxb6 44. Nxb6 Qf3 45. Qd5+ Qxd5 46. Nxd5 Ne6
47. Kd3 Kf7 48. c4 g5 49. Ke4 Nc5+ 50. Kd4 Nb3+ 51. Ke5 Nc5 52. Kd4 Nb3+ 53. Ke5
Nc5 1/2-1/2

[Event "Fujairah Global Superstar"]
[Site "Fujairah City UAE"]
[Date "2025.08.27"]
[Round "3.15"]
[White "Aditya, Mittal"]
[Black "Grebnev, Aleksey"]
[Result "1-0"]
[WhiteTitle "GM"]
[BlackTitle "GM"]
[WhiteElo "2560"]
[BlackElo "2595"]
[WhiteFideId "35042025"]
[BlackFideId "34189030"]
[EventDate "2025.08.25"]

1. c4 e6 2. Nc3 d5 3. d4 c5 4. cxd5 exd5 5. Nf3 Nc6 6. dxc5 d4 7. Na4 Bxc5 8.
Nxc5 Qa5+ 9. Bd2 Qxc5 10. Rc1 Qb6 11. e4 Nf6 12. Bd3 Bg4 13. O-O O-O 14. Bf4 Nd7
15. h3 Bxf3 16. Qxf3 Nce5 17. Qg3 Nxd3 18. Qxd3 Rfc8 19. Rfd1 Qxb2 20. Qxd4 Qxd4
21. Rxd4 Rxc1+ 22. Bxc1 Nc5 23. Ba3 Ne6 24. Rd7 b5 25. Rb7 a6 26. Bd6 h5 27. Rb6
Nd4 28. f3 Ne2+ 29. Kf2 Nc3 30. Rc6 Nd1+ 31. Ke2 Nb2 32. e5 a5 33. f4 b4 34. f5
Na4 35. Kd3 Nc3 36. a3 Nd5 37. Kd4 Nf4 38. Rc2 h4 39. a4 Nh5 40. e6 Nf6 41. Rc5
fxe6 42. fxe6 Re8 43. e7 Kf7 44. Rxa5 b3 45. Ba3 b2 46. Bxb2 Rxe7 47. Kd3 Re1
48. Ra7+ Kg6 49. a5 Rg1 50. a6 Rxg2 51. Rb7 Rg5 52. a7 Ra5 53. Bd4 Nd5 54. Rb8
Ra3+ 55. Kc4 Nc7 56. Rc8 Ra4+ 57. Kd3 Ra3+ 58. Ke4 Ne6 59. a8=Q 1-0

[Event "Fujairah Global Superstar"]
[Site "Fujairah City UAE"]
[Date "2025.08.27"]
[Round "3.16"]
[White "Piorun, Kacper"]
[Black "Theodorou, Nikolas"]
[Result "0-1"]
[WhiteTitle "GM"]
[BlackTitle "GM"]
[WhiteElo "2568"]
[BlackElo "2646"]
[WhiteFideId "1130420"]
[BlackFideId "4262875"]
[EventDate "2025.08.25"]

1. d4 Nf6 2. c4 c5 3. d5 b5 4. cxb5 a6 5. bxa6 e6 6. dxe6 fxe6 7. Nc3 Bxa6 8. g3
d5 9. Bg2 Bd6 10. Nh3 O-O 11. O-O Nc6 12. Bf4 h6 13. Nxd5 Nxd5 14. Bxd5 Nd4 15.
Bxe6+ Nxe6 16. Qd5 Qd7 17. Qxd6 Qf7 18. Rfe1 Nd4 19. Qxc5 Nxe2+ 20. Rxe2 Bxe2
21. Be5 Bf3 22. Nf4 g5 23. Qd6 gxf4 24. Qxh6 Qh7 25. Qg5+ Kf7 26. Rc1 Ke6 27. g4
Ra5 28. Re1 Kd7 29. h3 Rg8 0-1

[Event "Fujairah Global Superstar"]
[Site "Fujairah City UAE"]
[Date "2025.08.27"]
[Round "3.17"]
[White "Volokitin, Andrei"]
[Black "Gorshtein, Ido"]
[Result "1-0"]
[WhiteTitle "GM"]
[BlackTitle "GM"]
[WhiteElo "2628"]
[BlackElo "2571"]
[WhiteFideId "14107090"]
[BlackFideId "2815532"]
[EventDate "2025.08.25"]

1. e4 e5 2. Nf3 Nc6 3. Bb5 Nf6 4. O-O Nxe4 5. d4 Nd6 6. Bxc6 dxc6 7. dxe5 Nf5 8.
Qxd8+ Kxd8 9. Nc3 Be7 10. Rd1+ Ke8 11. Bg5 Be6 12. g4 Nh6 13. h3 Ng8 14. Kg2 h5
15. Kg3 f6 16. Bf4 hxg4 17. hxg4 Nh6 18. exf6 gxf6 19. Nd4 Bxg4 20. Rh1 Rd8 21.
Nb3 Bd6 22. Rxh6 Bxf4+ 23. Kxf4 Rxh6 24. Kxg4 Kf7 25. Ne2 c5 26. c4 a5 27. Nf4
b6 28. a4 Rhh8 29. Kf3 c6 30. Rc1 Rh4 31. Rc3 Rh1 32. Nc1 Rb8 33. Nfe2 Ke7 34.
Ng3 Re1 35. Nf5+ Ke6 36. Ne3 Kd7 37. Rc2 Rh8 38. Ne2 Kc7 39. Nc3 Reh1 40. Re2
R8h4 41. Ne4 R1h3+ 42. Ng3 Rd4 43. Rc2 Rd3 44. Ke4 Rb3 45. Ne2 Rh4+ 46. Kf5 b5
47. Nc1 bxa4 48. Nxb3 axb3 49. Rc1 Rd4 50. Ra1 Rd2 51. Nd1 Rd4 52. Kxf6 Rxc4 53.
Ke5 Rc2 54. f4 Re2+ 55. Kf6 c4 56. Rxa5 Kb6 57. Ra1 Kc5 58. Nc3 Rxb2 59. Na4+
Kd4 60. Rd1+ Ke4 61. Nxb2 c3 62. Rd3 c2 63. Rc3 c5 64. f5 Kd4 65. Rc4+ Ke3 66.
Ke5 Kd2 67. Rxc5 1-0

[Event "Fujairah Global Superstar"]
[Site "Fujairah City UAE"]
[Date "2025.08.27"]
[Round "3.18"]
[White "Daneshvar, Bardiya"]
[Black "Kozak, Adam"]
[Result "1-0"]
[WhiteTitle "GM"]
[BlackTitle "GM"]
[WhiteElo "2625"]
[BlackElo "2586"]
[WhiteFideId "12576468"]
[BlackFideId "753246"]
[EventDate "2025.08.25"]

1. c4 e6 2. Nc3 d5 3. d4 dxc4 4. e4 c5 5. d5 exd5 6. exd5 Nf6 7. Bxc4 a6 8. Bf4
Bd6 9. Qe2+ Kf8 10. Qd2 b5 11. Bd3 Qc7 12. Nge2 Nbd7 13. O-O Ne5 14. Ne4 Nxe4
15. Bxe4 Nc4 16. Bxd6+ Qxd6 17. Qc2 Bd7 18. Ng3 Rc8 19. a4 Qf6 20. axb5 Bxb5 21.
Bf5 Rd8 22. b3 Ne5 23. Rfd1 g6 24. f4 Nd7 25. Bxd7 Rxd7 26. Ne4 Qxf4 27. Qc3 Rg8
28. Nf6 Rd6 29. Nxh7+ Ke7 30. Qxc5 f6 31. Qc7+ Bd7 32. Re1+ Kf7 33. Ng5+ fxg5
34. Rf1 Rxd5 35. Rxf4+ gxf4 36. Qxf4+ Kg7 37. Qe4 Bc6 38. Qe7+ 1-0